La ciencia de la comunicación humana
Guardat en:
| Autor principal: | |
|---|---|
| Format: | Llibre |
| Idioma: | espanyol |
| Publicat: |
Ciudad de México
Roble
1972
|
| Edició: | 2a. ed |
| Matèries: | |
| Etiquetes: |
Afegir etiqueta
Sense etiquetes, Sigues el primer a etiquetar aquest registre!
|
MARC
| LEADER | 00000nam a2200000 a 4500 | ||
|---|---|---|---|
| 001 | UCY5713 | ||
| 003 | CL-VaPUC | ||
| 008 | 950512e19720000MX |||||||||||||||||spa|d | ||
| 082 | 0 | 4 | |a 302.2 |b SCH |2 21 |
| 100 | 0 | |a Schramm, Wilbur |e author |9 334842 | |
| 245 | 1 | 3 | |a La ciencia de la comunicación humana |
| 250 | |a 2a. ed | ||
| 300 | |a 166 p | ||
| 942 | |c BK | ||
| 945 | |d 19950512 00:00:00 |a cmena | ||
| 260 | |a Ciudad de México |b Roble |c 1972 | ||
| 650 | 7 | |a COMUNICACION DE MASAS |2 CL-VaPUC |9 334823 | |
| 650 | 0 | |a Investigación |9 257811 | |
| 650 | 0 | |a Psicología social |9 222894 | |
| 650 | 0 | |a Personalidad |9 307255 | |
| 650 | 7 | |a PERSUASION |2 CL-VaPUC |9 333321 | |
| 650 | 0 | |a Medios de comunicación |9 257206 | |
| 650 | 0 | |a Medios de comunicación de masas |9 257273 | |
| 650 | 0 | |a Televisión |9 256845 | |
| 650 | 0 | |a Niños |9 255605 | |
| 650 | 7 | |a ENSEÑANZA PROGRAMADA |2 CL-VaPUC |9 263217 | |
| 650 | 0 | |a Influencia social |9 309315 | |
| 651 | 0 | |a Estados Unidos |9 255178 | |
| 583 | |a last modification |c 19950512 00:00:00 |k Rodrigo Vera | ||
| 999 | |c 233340 |d 233338 | ||
| 952 | |0 0 |1 0 |4 0 |6 302_200000000000000_SCH_1972 |7 0 |8 P |9 238787 |a BIBEDU |b BIBEDU |c BIBEDU_PB |d 2019-11-18 |i 1500635 |o 302.2 SCH 1972 |p 1500635 |r 2019-11-18 |w 2019-11-18 |y BK |k EDU | ||
| 952 | |0 0 |1 0 |4 0 |6 302_200000000000000_SCH_1972 |7 0 |8 A |9 238788 |a BIBENE |b BIBENE |d 2019-11-18 |i 1984497 |o 302.2 SCH 1972 |p 1984497 |r 2025-01-15 |w 2019-11-18 |y BK |k ICO | ||